Dr House General Quiz - Medium Level - Statistics

General Stats
  • This quiz has been taken 156 times
    130 since last reset
  • The average score is 3 of 10
Answer Stats
Question Answer % Correct
How many times did Wilson marry throughout the series? (Express your answer as an integer) 3
97%
In which Season the diagnosis was finally lupus? (Express your answer as SA, where A is the number of the season.) S4
65%
On what condition does Dr.Cameron agree to work with House again in season 1? (Hint: Taking her to a _________) (Express your answer in full, include the hint.) Taking her to a date
56%
What is Dr.Amber's last name? Volakis
28%
What is the first name of Vogler (The chairman of the board who wanted House fired)? Edward
20%
What did the patient do for a living in the lupus episode? Magician
19%
How did Dr.Cole was able to get Dr.Cuddy's underwear? (upon House's request) (Express your answer as _____ with Cuddy) Deal with Cuddy
18%
What is Dr.Robert Chase's father's specialty? Rheumatology
11%
What medicine does House use to induce a migraine to prove his arch nemesis (Dr.Webber) wrong? Nitroglycerin
5%
What is the first name of the lupus patient? Flynn
4%
No matching quizzes found
Score Distribution
Percent of People with Each Score
Percentile by Number Answered
Your Score History
You have not taken this quiz since the last reset